Normal görünüm
MARC görünümü
Giriş Meeting Name
001 - CONTROL NUMBER
- control field: 3447
003 - CONTROL NUMBER IDENTIFIER
- control field: TR-AnABB
005 - DATE AND TIME OF LATEST TRANSACTION
- control field: 20260415081353.0
008 - FIXED-LENGTH DATA ELEMENTS
- fixed length control field: 260415|| aca||aabn | a|a d
040 ## - CATALOGING SOURCE
- Original cataloging agency: TR-AnABB
- Transcribing agency: TR-AnABB
111 ## - HEADING--MEETING NAME
- Meeting name or jurisdiction name as entry element: Bölge Planlama Semineri
- Date of meeting or treaty signing: (1984:
- Location of meeting: İstanbul)
670 ## - SOURCE DATA FOUND
- Source citation: Koha: (TR-AnABB)10244: Bölge Planlama Semineri (1984: İstanbul), Bölge planlama semineri /, 1984
